[Event "SR 3. liga A2 2014/2015"]
[Site "?"]
[Date "2014.11.16"]
[Round "3.3"]
[White "Liptak, Tomas"]
[Black "Takacs, Laszlo"]
[Result "1-0"]
[WhiteElo "2168"]
[BlackElo "2110"]
[PlyCount "115"]
[EventDate "2015.??.??"]

1. e4 c5 2. Nf3 d6 3. d4 cxd4 4. Nxd4 Nf6 5. Nc3 g6 6. Bc4 Bg7 7. f3 O-O 8. Be3
Nc6 9. Qd2 Bd7 10. h4 h5 11. Nd5 Ne5 12. Nxf6+ Bxf6 13. Be2 Rc8 14. Rc1 Nc4 15.
Bxc4 Rxc4 16. b3 Rc5 17. c4 Qc8 18. Ne2 Rc6 19. Bg5 Re8 20. Bxf6 exf6 21. O-O
Ra6 22. Nc3 Qc5+ 23. Qf2 Kg7 24. Rfd1 Be6 25. Rd2 f5 26. Rcd1 Qe5 27. Rd4 Qa5
28. Qb2 Qe5 29. Qd2 f4 30. Nd5 Bxd5 31. Rxd5 Qf6 32. Rxd6 Rxd6 33. Qxd6 Qxh4
34. Qd4+ Kh7 35. Qf2 Qg5 36. Qxa7 Re7 37. Rd5 Qh4 38. Qf2 Qf6 39. Qd4 Qh4 40.
Qc3 f5 41. e5 Kh6 42. e6 Kg5 43. Qe5 Re8 44. e7 Kh6 45. Rd7 Kh7 46. Rxb7 Qg5
47. c5 h4 48. Kf1 Qg3 49. Qe2 Kh6 50. Rd7 Qh2 51. Rd8 h3 52. gxh3 Qxh3+ 53. Qg2
Qxg2+ 54. Kxg2 Rxe7 55. Rd2 g5 56. c6 g4 57. Rc2 Rc7 58. b4 1-0

[Event "SR 3. liga A2 2014/2015"]
[Site "?"]
[Date "2014.11.16"]
[Round "3.3"]
[White "Lesny, Stefan"]
[Black "Kovacocy, Pavel"]
[Result "0-1"]
[WhiteElo "2083"]
[BlackElo "2192"]
[PlyCount "42"]
[EventDate "2015.??.??"]

1. e4 g6 2. f4 Bg7 3. Nf3 d5 4. e5 c5 5. c3 Nh6 6. d3 O-O 7. Na3 Nc6 8. Nc2 f6
9. d4 cxd4 10. cxd4 Bg4 11. Be2 Qa5+ 12. Qd2 Qb6 13. b3 Rad8 14. Ba3 Rf7 15.
Bc5 Qc7 16. Ba3 Bxf3 17. Bxf3 fxe5 18. fxe5 Nf5 19. O-O Bh6 20. Qc3 e6 21. Qd3
Ncxd4 0-1

[Event "SR 3. liga A2 2014/2015"]
[Site "?"]
[Date "2014.11.16"]
[Round "3.3"]
[White "Machalova, Erika"]
[Black "Rachela, Jozef"]
[Result "1/2-1/2"]
[WhiteElo "2102"]
[BlackElo "2048"]
[PlyCount "32"]
[EventDate "2015.??.??"]

1. d4 d5 2. c4 c6 3. Nc3 Nf6 4. Nf3 e6 5. Bg5 Be7 6. e3 Nbd7 7. Qc2 O-O 8. Bd3
h6 9. Bh4 Re8 10. O-O dxc4 11. Bxc4 Nd5 12. Bxe7 Qxe7 13. a3 N5f6 14. Qd3 e5
15. dxe5 Nxe5 16. Nxe5 Qxe5 1/2-1/2

[Event "SR 3. liga A2 2014/2015"]
[Site "?"]
[Date "2014.11.16"]
[Round "3.3"]
[White "Merva, Frantisek"]
[Black "Cechovic, Stefan"]
[Result "1-0"]
[WhiteElo "2045"]
[BlackElo "2155"]
[PlyCount "79"]
[EventDate "2015.??.??"]

1. d4 Nf6 2. c4 e6 3. Nc3 d5 4. a3 Be7 5. Bf4 O-O 6. e3 b6 7. Rc1 Bb7 8. cxd5
Nxd5 9. Nxd5 Qxd5 10. Bxc7 Nc6 11. Nf3 Rac8 12. Bg3 Qa2 13. Bd3 Qxb2 14. O-O
Na5 15. Rb1 Qxa3 16. Ne5 Rc3 17. Qe2 Bf6 18. Ra1 Qe7 19. Rfb1 Rfc8 20. Rd1 Ba8
21. Ba6 Bb7 22. Bb5 Rc2 23. Qg4 Bxe5 24. Bxe5 f6 25. Bg3 Bd5 26. Bd3 R2c3 27.
Qh4 g6 28. Ba6 Rf8 29. Be2 Rfc8 30. e4 Bb3 31. Re1 g5 32. Qg4 Kh8 33. h4 Rg8
34. hxg5 Rxg5 35. Qf4 Rg8 36. Bh4 Kg7 37. e5 Rf8 38. exf6+ Rxf6 39. Qg5+ Kf7
40. Bh5+ 1-0

[Event "SR 3. liga A2 2014/2015"]
[Site "?"]
[Date "2014.11.16"]
[Round "3.3"]
[White "Sarmir, Milos"]
[Black "Kalmar, Tamas"]
[Result "1-0"]
[WhiteElo "2011"]
[BlackElo "1966"]
[PlyCount "120"]
[EventDate "2015.??.??"]

1. e4 c6 2. d4 d5 3. Nc3 dxe4 4. Nxe4 Bf5 5. Ng3 Bg6 6. Nf3 Nd7 7. c3 e6 8. Be3
Ngf6 9. Bd3 Bd6 10. Qc2 Qc7 11. Ne4 Nxe4 12. Bxe4 Bxe4 13. Qxe4 Nf6 14. Qd3 Nd5
15. O-O O-O 16. Bd2 Rfe8 17. Rfe1 h6 18. Rad1 Ne7 19. g3 Rad8 20. Nh4 e5 21.
dxe5 Bxe5 22. Qf3 Bf6 23. Ng2 Be5 24. Qg4 Ng6 25. Be3 b6 26. h4 Bf6 27. Bxh6
Rxe1+ 28. Rxe1 gxh6 29. h5 Qd7 30. Qxd7 Rxd7 31. hxg6 fxg6 32. Re6 Rd1+ 33. Kh2
Kf7 34. Rxc6 Rd2 35. Rc7+ Ke6 36. Nf4+ Kf5 37. Kg2 Rxb2 38. Kf3 Rc2 39. Nd5
Rxa2 40. Rc6 Bg5 41. Nb4 Ra4 42. Nc2 Ke5 43. Ke2 Kf5 44. f4 Bxf4 45. gxf4 Re4+
46. Kd3 Rxf4 47. Nd4+ Ke5 48. Re6+ Kd5 49. Rxg6 Rh4 50. Rg7 Rh3+ 51. Kc2 a6 52.
Rg6 b5 53. Kb3 a5 54. Nxb5 Kc5 55. Ka4 Rh1 56. Na3 h5 57. Kxa5 h4 58. Rg5+ Kd6
59. Kb6 h3 60. Rh5 h2 1-0

[Event "SR 3. liga A2 2014/2015"]
[Site "?"]
[Date "2014.11.16"]
[Round "3.3"]
[White "Kahancova, Jana"]
[Black "Markuliak, Mario"]
[Result "1/2-1/2"]
[WhiteElo "1717"]
[BlackElo "1811"]
[PlyCount "88"]
[EventDate "2015.??.??"]

1. d4 d6 2. Nf3 Nd7 3. Bg5 Ngf6 4. e3 g6 5. Bd3 Bg7 6. c3 O-O 7. Nbd2 c5 8. Qc2
a6 9. O-O b5 10. b3 Qa5 11. Rfc1 Bb7 12. h3 cxd4 13. exd4 e6 14. Ne4 Nxe4 15.
Bxe4 Bxe4 16. Qxe4 d5 17. Qe3 Rac8 18. Be7 Rfe8 19. Bb4 Qb6 20. Qd2 a5 21. Ba3
Rc6 22. Bb2 Rec8 23. Rc2 Nf6 24. Ne5 Ne4 25. Qe3 Bxe5 26. dxe5 Qxe3 27. fxe3 b4
28. Rac1 Kf8 29. c4 Ke7 30. Kf1 dxc4 31. bxc4 Rxc4 32. Rxc4 Rxc4 33. Rxc4 Nd2+
34. Ke2 Nxc4 35. Bd4 a4 36. Kd3 Na5 37. Bc5+ Kd7 38. Bxb4 Nb7 39. Kd4 Kc6 40.
Kc4 Kb6 41. Bc3 Na5+ 42. Kb4 Nc6+ 43. Kc4 Na5+ 44. Kb4 Nc6+ 1/2-1/2

[Event "SR 3. liga A2 2014/2015"]
[Site "?"]
[Date "2014.11.16"]
[Round "3.3"]
[White "Hornak, Pavol"]
[Black "Matis, Tibor"]
[Result "1-0"]
[WhiteElo "1766"]
[BlackElo "1664"]
[PlyCount "119"]
[EventDate "2015.??.??"]

1. d4 f5 2. c4 e6 3. g3 Nf6 4. Bg2 Bb4+ 5. Bd2 Bxd2+ 6. Nxd2 d6 7. Ngf3 Nbd7 8.
O-O O-O 9. Qc2 Qe7 10. Rad1 h6 11. Rfe1 Nb6 12. b3 e5 13. dxe5 dxe5 14. Nh4 Qe6
15. e4 fxe4 16. Nxe4 Qf7 17. Nxf6+ Qxf6 18. c5 Nd7 19. Bd5+ Rf7 20. Re3 e4 21.
Bxf7+ Qxf7 22. Qxe4 c6 23. g4 Nf8 24. Rf3 Qe6 25. Qxe6+ Bxe6 26. Nf5 g6 27. Ne3
Kg7 28. Rd6 Bf7 29. h3 Re8 30. h4 Re5 31. Rdf6 Re7 32. Kf1 Ne6 33. Nc2 Nxc5 34.
Rd6 Ne4 35. Re3 Nxd6 36. Rxe7 Kf6 37. Re3 h5 38. gxh5 gxh5 39. Nd4 c5 40. Nf3
b6 41. Ke2 Be6 42. Ng5 Bd7 43. Ne4+ Nxe4 44. Rxe4 b5 45. f4 c4 46. Ke3 cxb3 47.
axb3 a5 48. Re5 Kg6 49. Rg5+ Kh6 50. f5 a4 51. bxa4 bxa4 52. Kf4 Bb5 53. f6 Bc4
54. Ra5 Bb3 55. Ke5 Kg6 56. Ra7 Kh6 57. Kd6 Kg6 58. Ke7 a3 59. Rxa3 Bf7 60.
Rg3+ 1-0

[Event "SR 3. liga A2 2014/2015"]
[Site "?"]
[Date "2014.11.16"]
[Round "3.3"]
[White "Bugar, Peter"]
[Black "Kavuljak, Alojz"]
[Result "0-1"]
[WhiteElo "1582"]
[BlackElo "1645"]
[PlyCount "60"]
[EventDate "2015.??.??"]

1. d4 g6 2. c4 Bg7 3. Nc3 d6 4. e4 Nf6 5. Nf3 Bg4 6. Be2 O-O 7. O-O Nc6 8. d5
Bxf3 9. Bxf3 Ne5 10. Be2 e6 11. Be3 a6 12. b4 Ne8 13. Qb3 exd5 14. Nxd5 Qh4 15.
f3 Qd8 16. Rac1 Nc6 17. c5 Nd4 18. Qd3 Nxe2+ 19. Qxe2 Nf6 20. Rfd1 Re8 21. cxd6
Nxd5 22. dxc7 Qe7 23. Rxd5 Rac8 24. Qc4 Be5 25. Bb6 Qh4 26. g3 Qf6 27. Rcd1
Qxb6+ 28. Rc5 Qe6 29. Qd5 Qxd5 30. Rdxd5 Bxc7 0-1

[Event "SR 3. liga A2 2014/2015"]
[Site "?"]
[Date "2014.11.16"]
[Round "3.4"]
[White "Jozefek, Michal"]
[Black "Sosna, Jan"]
[Result "1/2-1/2"]
[WhiteElo "2064"]
[BlackElo "2364"]
[PlyCount "101"]
[EventDate "2015.??.??"]

1. d4 d5 2. c4 e6 3. Nf3 c6 4. e3 Nf6 5. b3 Bb4+ 6. Nbd2 Nbd7 7. Bd3 dxc4 8.
bxc4 e5 9. O-O exd4 10. exd4 O-O 11. Qc2 Re8 12. Bb2 Nf8 13. Ne5 Ne6 14. Ndf3
h6 15. a3 Ba5 16. Rad1 Nf4 17. Bf5 Bxf5 18. Qxf5 Ne2+ 19. Kh1 Qc8 20. Qc2 Nf4
21. Bc1 Ne6 22. Qf5 Nf8 23. Qb1 N6d7 24. Nxf7 Bc7 25. N7e5 Nxe5 26. dxe5 Bxe5
27. Rfe1 Bf6 28. Rxe8 Qxe8 29. Qxb7 Rb8 30. Qxa7 Rb1 31. Rg1 Qe6 32. Qa4 Nd7
33. Be3 Rxg1+ 34. Kxg1 Qd6 35. Qb3 c5 36. a4 Nb8 37. Bxc5 Qxc5 38. Qxb8+ Kh7
39. Qb5 Qa3 40. h3 Qc1+ 41. Kh2 Qf4+ 42. Kh1 Qc1+ 43. Ng1 Bd4 44. Qd5 Qb2 45.
Ne2 Qb1+ 46. Kh2 Bxf2 47. a5 Ba7 48. a6 Qb8+ 49. Ng3 Qb6 50. Qe4+ Kh8 51. Qe8+
1/2-1/2

[Event "SR 3. liga A2 2014/2015"]
[Site "?"]
[Date "2014.11.16"]
[Round "3.4"]
[White "Cajka, Tibor"]
[Black "Kapusta, Petr"]
[Result "0-1"]
[WhiteElo "2166"]
[BlackElo "2112"]
[PlyCount "46"]
[EventDate "2015.??.??"]

1. e4 c5 2. Nf3 d6 3. d4 cxd4 4. Nxd4 Nf6 5. Nc3 a6 6. Be3 e5 7. Nb3 Be7 8. Bc4
O-O 9. f3 Be6 10. Bd5 Qc7 11. Qd2 Nxd5 12. Nxd5 Bxd5 13. Qxd5 Qxc2 14. Qxb7
Qxg2 15. O-O-O Nc6 16. Nd2 Rab8 17. Qd7 Rfe8 18. Kb1 Qe2 19. Ba7 Qd3+ 20. Ka1
Nb4 21. Qa4 Nc2+ 22. Kb1 Ne3+ 23. Ka1 Nxd1 0-1

[Event "SR 3. liga A2 2014/2015"]
[Site "?"]
[Date "2014.11.16"]
[Round "3.4"]
[White "Koutny, Petr"]
[Black "Sebesta, Radovan"]
[Result "1-0"]
[WhiteElo "2095"]
[BlackElo "2048"]
[PlyCount "103"]
[EventDate "2015.??.??"]

1. e4 c5 2. Nf3 Nc6 3. d4 cxd4 4. Nxd4 g6 5. Nc3 Bg7 6. Be3 Nf6 7. Nxc6 bxc6 8.
e5 Ng8 9. Bd4 Nh6 10. e6 O-O 11. Bxg7 Kxg7 12. exd7 Qxd7 13. Qxd7 Bxd7 14.
O-O-O Be6 15. h3 Rfd8 16. Ba6 Rab8 17. Rhe1 Nf5 18. Rxd8 Rxd8 19. Bb7 Nd4 20.
Ne2 Nxe2+ 21. Rxe2 Rd6 22. Re3 c5 23. Ra3 Kf6 24. Ra5 Rd7 25. Bf3 Rc7 26. Kd2
h5 27. Kc3 h4 28. Ra6 Ke5 29. Ra5 Kf6 30. b3 g5 31. Ra6 Ke5 32. Ra5 Kd6 33. Be2
Bd5 34. f3 Ke5 35. Kd2 Kd6 36. Ke3 e6 37. Bd3 f5 38. Bf1 Ke7 39. a3 Kf6 40. c4
Ba8 41. b4 cxb4 42. axb4 Rd7 43. b5 f4+ 44. Kf2 e5 45. b6 e4 46. fxe4 Bxe4 47.
bxa7 Ba8 48. Be2 Rd8 49. Bf3 Rd2+ 50. Ke1 Rd8 51. Bxa8 Rxa8 52. Kf2 1-0

[Event "SR 3. liga A2 2014/2015"]
[Site "?"]
[Date "2014.11.16"]
[Round "3.4"]
[White "Lanik, Miroslav"]
[Black "Londin, Martin"]
[Result "0-1"]
[WhiteElo "1895"]
[BlackElo "1954"]
[PlyCount "84"]
[EventDate "2015.??.??"]

1. e4 e5 2. Nf3 Nc6 3. Bb5 a6 4. Ba4 Nf6 5. O-O b5 6. Bb3 Be7 7. Re1 d6 8. c3
Na5 9. Bc2 c5 10. h3 Bb7 11. d4 Qc7 12. d5 O-O 13. Nbd2 Bc8 14. Nf1 Nb7 15. Qe2
Bd7 16. Bg5 h6 17. Bxf6 Bxf6 18. a4 g6 19. Ne3 Bg7 20. c4 b4 21. Nd2 Qd8 22.
Rf1 a5 23. f3 Qg5 24. Kh1 h5 25. Qf2 Bh6 26. Rae1 h4 27. Re2 f5 28. b3 Qh5 29.
Rg1 Bf4 30. Ndf1 Bg3 31. Nxg3 hxg3 32. Qe1 f4 33. Ng4 Kg7 34. Rf1 Rh8 35. Kg1
Nd8 36. Rd2 Nf7 37. Qe2 Rh7 38. Bd1 Rah8 39. Qd3 Ng5 40. Qe2 Nxh3+ 41. gxh3
Qxh3 42. Qg2 Bxg4 0-1

[Event "SR 3. liga A2 2014/2015"]
[Site "?"]
[Date "2014.11.16"]
[Round "3.4"]
[White "Vepy, Ivan"]
[Black "Palka, Martin"]
[Result "1/2-1/2"]
[WhiteElo "1923"]
[BlackElo "1890"]
[PlyCount "70"]
[EventDate "2015.??.??"]

1. e4 c5 2. Nf3 Nc6 3. Nc3 e6 4. Be2 a6 5. O-O d6 6. d4 cxd4 7. Nxd4 Bd7 8. Be3
Nf6 9. Qd2 Be7 10. Rad1 O-O 11. f4 Rc8 12. Nxc6 Bxc6 13. Bf3 Qc7 14. Qf2 b5 15.
a3 Qb7 16. e5 dxe5 17. fxe5 Nd5 18. Nxd5 Bxd5 19. c3 Bxf3 20. Qxf3 Qxf3 21.
Rxf3 Rcd8 22. Bd4 Rd7 23. Rfd3 Rfd8 24. Kf1 f5 25. Ke2 Kf7 26. Bb6 Rxd3 27.
Rxd3 Rd5 28. Bc7 Rxd3 29. Kxd3 Ke8 30. Ba5 Kd7 31. c4 Kc6 32. h3 Bg5 33. Bb4
Bc1 34. b3 Bb2 35. Bd6 Bc1 1/2-1/2

[Event "SR 3. liga A2 2014/2015"]
[Site "?"]
[Date "2014.11.16"]
[Round "3.4"]
[White "Skapikova, Lubica"]
[Black "Hrubsa, Marian"]
[Result "1-0"]
[WhiteElo "1862"]
[BlackElo "1826"]
[PlyCount "143"]
[EventDate "2015.??.??"]

1. e4 e6 2. d4 d5 3. Nd2 Nf6 4. e5 Nfd7 5. f4 c5 6. c3 Nc6 7. Ndf3 cxd4 8. cxd4
Qb6 9. Ne2 Be7 10. Nc3 O-O 11. Bd3 f5 12. Bc2 Qd8 13. O-O Nb4 14. Bb1 Nb6 15.
a3 Nc6 16. Ne2 Bd7 17. Kh1 Be8 18. h3 Bh5 19. Qd3 Bg6 20. g3 Rc8 21. Qd1 Bh5
22. Nfg1 g5 23. g4 Bg6 24. Nf3 fxg4 25. hxg4 Be4 26. Nc3 Bxb1 27. Rxb1 gxf4 28.
g5 Kh8 29. Rg1 Rf5 30. g6 Rh5+ 31. Nh2 hxg6 32. Rxg6 Rh7 33. Bxf4 Qf8 34. Qd2
Nc4 35. Qf2 Qf5 36. Rbg1 Bh4 37. Qg2 Qf7 38. Bh6 Ne7 39. Bg7+ Kg8 40. Rg4 Ne3
41. Bf6+ Nxg4 42. Qxg4+ Kf8 43. Bxh4 Nf5 44. Bf6 Rc4 45. Ne2 Rc2 46. Rc1 Rxc1+
47. Nxc1 Qh5 48. Qxh5 Rxh5 49. Ne2 Rh3 50. Nf4 Rb3 51. Nxe6+ Kf7 52. Nf4 Nxd4
53. Nxd5 Ne6 54. Ng4 Rxb2 55. Nge3 b5 56. Be7 a6 57. Nf5 Rd2 58. Nd6+ Kg6 59.
Nb4 Rd1+ 60. Kh2 Ra1 61. Nxa6 Rxa3 62. Nb4 Ra7 63. Bf6 Kh5 64. Nd5 Ra2+ 65. Kg3
Ra3+ 66. Kf2 Ra2+ 67. Ke3 Ra3+ 68. Kd2 Rg3 69. Ne8 Rh3 70. Ng7+ Nxg7 71. Bxg7
Kg6 72. Nf4+ 1-0

[Event "SR 3. liga A2 2014/2015"]
[Site "?"]
[Date "2014.11.16"]
[Round "3.4"]
[White "Antalek, Rudolf"]
[Black "Palka, Miroslav"]
[Result "0-1"]
[WhiteElo "1532"]
[BlackElo "1912"]
[PlyCount "110"]
[EventDate "2015.??.??"]

1. g3 d5 2. Bg2 Nf6 3. Nf3 g6 4. d4 Bg7 5. O-O O-O 6. Re1 Nbd7 7. Nc3 b6 8. e4
dxe4 9. Nxe4 Nxe4 10. Rxe4 Bb7 11. Rh4 Re8 12. Rxh7 Kxh7 13. Ng5+ Kg8 14. Bxb7
Rb8 15. Bc6 Rf8 16. h4 Nf6 17. c4 e5 18. d5 Nh7 19. Bd2 Nxg5 20. hxg5 f5 21.
Qa4 a5 22. Re1 f4 23. gxf4 exf4 24. Bxf4 Rxf4 25. Re8+ Rf8 26. Rxd8 Rbxd8 27.
Qc2 Rf5 28. b3 Rxg5+ 29. Kf1 Rf8 30. Qe4 Rgf5 31. Qe3 Rf4 32. d6 Rxf2+ 33. Qxf2
Rxf2+ 34. Kxf2 cxd6 35. Be4 Kf7 36. Kf3 Kf6 37. Kg4 Bh6 38. Bd3 Bc1 39. Be4 g5
40. Bd5 Ke5 41. Bf3 Kd4 42. Kf5 Kc3 43. Ke6 Bf4 44. Kd5 Kb2 45. Kc6 Be3 46.
Kxd6 Kxa2 47. Bd1 Kb2 48. Kc6 Kc1 49. Be2 Kc2 50. Kb5 Kxb3 51. Bd1+ Kc3 52. Bf3
Kd3 53. Bd1 Ke4 54. Kc6 Kf4 55. Kd5 g4 0-1

[Event "SR 3. liga A2 2014/2015"]
[Site "?"]
[Date "2014.11.16"]
[Round "3.4"]
[White "Kubik, Peter"]
[Black "Zlamal, Marek"]
[Result "1/2-1/2"]
[WhiteElo "1854"]
[BlackElo "1671"]
[PlyCount "71"]
[EventDate "2015.??.??"]

1. e4 c5 2. Nf3 Nc6 3. d4 cxd4 4. Nxd4 e5 5. Nxc6 bxc6 6. c4 Nf6 7. Bd3 d5 8.
cxd5 cxd5 9. Bb5+ Bd7 10. Bxd7+ Qxd7 11. exd5 Nxd5 12. O-O Bb4 13. Bd2 Bxd2 14.
Qxd2 O-O 15. Rd1 Rad8 16. Nc3 Nf6 17. Qxd7 Nxd7 18. Rd5 Nb6 19. Rxe5 Nc4 20.
Re2 Rd3 21. Rd1 Nxb2 22. Rxb2 Rxc3 23. Rb7 Ra3 24. Rd2 g6 25. g3 Kg7 26. Kg2 g5
27. g4 Kg6 28. Rd6+ Kg7 29. Rdd7 a6 30. Ra7 Rxa2 31. Rd6 Ra4 32. h3 Rb8 33.
Rdxa6 Rf4 34. Ra2 Rb3 35. R2a3 Rb2 36. Rf3 1/2-1/2

[Event "SR 3. liga A2 2014/2015"]
[Site "?"]
[Date "2014.11.16"]
[Round "3.5"]
[White "Danada, Tomas"]
[Black "Mihalik, Marek"]
[Result "1-0"]
[WhiteElo "2118"]
[BlackElo "2025"]
[PlyCount "64"]
[EventDate "2015.??.??"]

1. e4 c5 2. Nf3 d6 3. d4 cxd4 4. Qxd4 Nc6 5. Bb5 Bd7 6. Bxc6 Bxc6 7. Nc3 e5 8.
Qd3 Nf6 9. Bg5 h6 10. Bxf6 Qxf6 11. O-O-O O-O-O 12. Kb1 Be7 13. Nd2 Qxf2 14.
Rhf1 Qd4 15. Qf3 Bf6 16. Nb3 Qb6 17. Nd5 Bxd5 18. Rxd5 Kb8 19. Na5 Rc8 20. Qd3
Rc5 21. Nc4 Rxd5 22. Qxd5 Qd4 23. Qxd4 exd4 24. Nxd6 Rf8 25. Nxf7 Kc7 26. Ne5
Re8 27. Ng4 Rxe4 28. Nxf6 gxf6 29. Kc1 Re6 30. Kd2 Kd6 31. Kd3 Ke7 32. Rf4 Re3+
1-0

[Event "SR 3. liga A2 2014/2015"]
[Site "?"]
[Date "2014.11.16"]
[Round "3.5"]
[White "Stepanovic, Branislav"]
[Black "Veselsky, Jozef"]
[Result "1-0"]
[WhiteElo "2003"]
[BlackElo "2133"]
[PlyCount "81"]
[EventDate "2015.??.??"]

1. e4 c5 2. Nf3 Nc6 3. d4 cxd4 4. Nxd4 Nf6 5. Nc3 d6 6. Be2 g6 7. Be3 Bg7 8. f3
O-O 9. Qd2 a6 10. g4 Ne5 11. Bh6 Qb6 12. Bxg7 Kxg7 13. O-O-O Bd7 14. h4 h5 15.
gxh5 Nxh5 16. Nd5 Qd8 17. Nf5+ Bxf5 18. exf5 Rh8 19. f4 Nd7 20. fxg6 fxg6 21.
f5 Ne5 22. Bxh5 Rxh5 23. Nf4 Qh8 24. Nxh5+ Qxh5 25. fxg6 Rc8 26. Kb1 Rc5 27.
Rdf1 Rc4 28. Qf2 Rc8 29. Qb6 Qe2 30. Qxb7 Qxc2+ 31. Ka1 Rc7 32. Qd5 e6 33. Qxe6
Nf3 34. h5 Kh6 35. Qe3+ Ng5 36. Rfg1 Qf5 37. Rg2 Qe5 38. Qd2 Rc5 39. Rhg1 Qf6
40. Rxg5 Rxg5 41. Qxg5+ 1-0

[Event "SR 3. liga A2 2014/2015"]
[Site "?"]
[Date "2014.11.16"]
[Round "3.5"]
[White "Pribila, Gerhard"]
[Black "Manak, Jozef"]
[Result "1-0"]
[WhiteElo "2060"]
[BlackElo "1984"]
[PlyCount "77"]
[EventDate "2015.??.??"]

1. e4 c5 2. c3 d5 3. exd5 Qxd5 4. d4 Nf6 5. Nf3 Bg4 6. dxc5 Qxd1+ 7. Kxd1 Bxf3+
8. gxf3 Nc6 9. b4 g6 10. Bb2 Bg7 11. Nd2 O-O 12. Kc2 Nd5 13. Bb5 Ne5 14. Rhd1
Nf4 15. Nc4 Rfd8 16. Nxe5 Bxe5 17. Rxd8+ Rxd8 18. Re1 f6 19. Bf1 Kf7 20. Rd1
Rxd1 21. Kxd1 e6 22. Kc2 h5 23. a4 h4 24. h3 Nd5 25. b5 Ke7 26. c4 Nb4+ 27. Kb3
Bxb2 28. Kxb2 a5 29. f4 Kd7 30. Kc3 Na2+ 31. Kd2 Nb4 32. Bg2 Kc7 33. Be4 f5 34.
Bb1 Kd7 35. Ke3 Ke7 36. Kd4 Kf6 37. f3 Kf7 38. c6 bxc6 39. Kc5 1-0

[Event "SR 3. liga A2 2014/2015"]
[Site "?"]
[Date "2014.11.16"]
[Round "3.5"]
[White "Mihalik, Anton"]
[Black "Kubis, Ivan"]
[Result "0-1"]
[WhiteElo "1958"]
[BlackElo "1991"]
[PlyCount "66"]
[EventDate "2015.??.??"]

1. c4 e5 2. Nc3 Nf6 3. Nf3 Nc6 4. g3 Bb4 5. Qc2 O-O 6. Bg2 Re8 7. a3 Bxc3 8.
Qxc3 d5 9. cxd5 Nxd5 10. Qc5 Be6 11. d3 h6 12. O-O Qd7 13. b4 a6 14. Bb2 f6 15.
Rfe1 Rad8 16. e4 Nb6 17. Red1 Na4 18. Qc2 Nxb2 19. Qxb2 Nd4 20. Nxd4 Qxd4 21.
Qxd4 Rxd4 22. Rac1 c6 23. Rc3 Red8 24. Bf3 f5 25. exf5 Bxf5 26. Be2 e4 27. Kg2
exd3 28. Bf3 d2 29. Kf1 Re8 30. Re3 Red8 31. Rc3 Rd3 32. Rxd3 Bxd3+ 33. Be2 Bc2
0-1

[Event "SR 3. liga A2 2014/2015"]
[Site "?"]
[Date "2014.11.16"]
[Round "3.5"]
[White "Jozefovic, Milan"]
[Black "Curidlo, Jan"]
[Result "1/2-1/2"]
[WhiteElo "1891"]
[BlackElo "1889"]
[PlyCount "72"]
[EventDate "2015.??.??"]

1. e4 c5 2. Nf3 d6 3. Bc4 e6 4. Nc3 a6 5. a4 Nf6 6. O-O Nc6 7. d4 cxd4 8. Nxd4
Qc7 9. Nxc6 bxc6 10. Bg5 Be7 11. Bd3 O-O 12. Qf3 Rb8 13. b3 Qa5 14. Bd2 Qc5 15.
Ne2 Qh5 16. Qxh5 Nxh5 17. Ng3 Nxg3 18. hxg3 Bf6 19. Rad1 Bd4 20. Rfe1 e5 21.
Kf1 Re8 22. Bc4 Bb6 23. Be3 Bc7 24. Ba7 Ra8 25. Be3 Kf8 26. f4 f6 27. f5 Ke7
28. Kf2 Rb8 29. Ba7 Bb6+ 30. Bxb6 Rxb6 31. Rd2 a5 32. Red1 Rd8 33. Rh1 h6 34.
g4 Bb7 35. Rhd1 Bc8 36. Ke3 Bb7 1/2-1/2

[Event "SR 3. liga A2 2014/2015"]
[Site "?"]
[Date "2014.11.16"]
[Round "3.5"]
[White "Slaby, Jozef"]
[Black "Kocak, Branislav"]
[Result "1/2-1/2"]
[WhiteElo "1879"]
[BlackElo "1912"]
[PlyCount "73"]
[EventDate "2015.??.??"]

1. c4 Nf6 2. Nc3 g6 3. e4 d6 4. d4 Bg7 5. f3 O-O 6. Be3 e5 7. d5 c5 8. Qd2 Bd7
9. Bd3 Na6 10. a3 Nc7 11. Nge2 a6 12. O-O b5 13. Ng3 Rb8 14. Rfb1 bxc4 15. Bxc4
Nb5 16. Nce2 Nc7 17. b4 cxb4 18. Rxb4 Bb5 19. Rab1 Ra8 20. Bb6 Qd7 21. Ba5 Rfc8
22. Ba2 Bxe2 23. Nxe2 Nb5 24. a4 Nd4 25. Nxd4 exd4 26. Bb6 Ne8 27. Bxd4 Bxd4+
28. Qxd4 Qa7 29. Qxa7 Rxa7 30. h3 Rac7 31. Rb6 a5 32. Rb8 Kf8 33. Rxc8 Rxc8 34.
Bb3 Rc3 35. Bd1 Nc7 36. Be2 Ke7 37. Kf2 1/2-1/2

[Event "SR 3. liga A2 2014/2015"]
[Site "?"]
[Date "2014.11.16"]
[Round "3.5"]
[White "Bilovsky, Milan"]
[Black "Verba, Vladimir"]
[Result "0-1"]
[WhiteElo "1921"]
[BlackElo "1789"]
[PlyCount "62"]
[EventDate "2015.??.??"]

1. e4 g6 2. d4 Bg7 3. Be3 c5 4. c3 cxd4 5. Bxd4 e5 6. Be3 Nf6 7. f3 O-O 8. Bc4
Qc7 9. Na3 a6 10. Qd2 b5 11. Bb3 Nc6 12. Rd1 Rd8 13. Qf2 Rb8 14. Ne2 Na5 15.
Bc2 d5 16. b4 Nc6 17. Ng3 Nxb4 18. Bb3 Qxc3+ 19. Kf1 Nxa2 20. Bxa2 Qxa3 21.
exd5 Bb7 22. Bc5 Qa4 23. Qe2 Bxd5 24. Bxd5 Rxd5 25. Rxd5 Nxd5 26. Kf2 Rc8 27.
Rc1 Bf8 28. Ba3 Nc3 29. Bxf8 Kxf8 30. Qxe5 Qa2+ 31. Kg1 Qe6 0-1

[Event "SR 3. liga A2 2014/2015"]
[Site "?"]
[Date "2014.11.16"]
[Round "3.5"]
[White "Bardik, Jozef"]
[Black "Brunovsky, Peter"]
[Result "0-1"]
[WhiteElo "1928"]
[BlackElo "1869"]
[PlyCount "74"]
[EventDate "2015.??.??"]

1. d4 Nf6 2. c4 c5 3. d5 b5 4. cxb5 a6 5. bxa6 Bxa6 6. e3 Bxf1 7. Kxf1 d6 8.
Qd3 g6 9. Ne2 Bg7 10. Nbc3 O-O 11. Rb1 Qa5 12. g3 Nbd7 13. f4 Rfb8 14. Kg2 Qa6
15. Qxa6 Rxa6 16. Kf3 Nb6 17. Rd1 Nc4 18. b3 Na3 19. Bxa3 Rxa3 20. e4 Nd7 21.
Rbc1 Nb6 22. Rd2 Rb7 23. Nb1 Ra8 24. Rdc2 Rab8 25. Nd2 Na8 26. Nc4 Ra7 27. Rd1
Nb6 28. Nxb6 Rxb6 29. Nc1 Ra3 30. Kg4 h5+ 31. Kh3 Rb4 32. Re1 Rd4 33. Ree2 Rd1
34. Rc4 e5 35. fxe5 Bxe5 36. Ra4 Rxa4 37. bxa4 Rxc1 0-1

[Event "SR 3. liga A2 2014/2015"]
[Site "?"]
[Date "2014.11.16"]
[Round "3.6"]
[White "Sturdik, Igor"]
[Black "Kozinka, Roman"]
[Result "1-0"]
[WhiteElo "1990"]
[BlackElo "2001"]
[PlyCount "47"]
[EventDate "2015.??.??"]

1. e4 c5 2. Nf3 d6 3. d4 cxd4 4. Nxd4 Nf6 5. Nc3 a6 6. Bg5 e6 7. f4 Be7 8. Qf3
h6 9. Bh4 Qc7 10. O-O-O Nbd7 11. Bd3 g5 12. fxg5 Nh7 13. g6 Ne5 14. gxf7+ Nxf7
15. Bxe7 Qxe7 16. Rhf1 Qg5+ 17. Kb1 Ne5 18. Qh3 Nf8 19. Be2 Rg8 20. Nf3 Qxg2
21. Qxg2 Rxg2 22. Nxe5 dxe5 23. Bh5+ Ke7 24. Rf7+ 1-0

[Event "SR 3. liga A2 2014/2015"]
[Site "?"]
[Date "2014.11.16"]
[Round "3.6"]
[White "Bango, Lukas"]
[Black "Nicolini, Alexander"]
[Result "1/2-1/2"]
[WhiteElo "1917"]
[BlackElo "2120"]
[PlyCount "94"]
[EventDate "2015.??.??"]

1. c4 e5 2. Nc3 Nf6 3. g3 Be7 4. Bg2 c6 5. d4 d6 6. Nf3 Nbd7 7. dxe5 dxe5 8.
O-O O-O 9. Qc2 Qc7 10. Bd2 Re8 11. Rfc1 Nf8 12. Rab1 g6 13. b4 Bf5 14. e4 Bg4
15. Qb2 N6d7 16. Be3 Ne6 17. Nd5 cxd5 18. cxd5 Qb8 19. dxe6 Bxe6 20. Rc2 f6 21.
Bf1 Bd8 22. Rd1 Bb6 23. Bc4 Nf8 24. Bc5 Bxc5 25. bxc5 Bxc4 26. Rxc4 Qc7 27. Rd6
Re6 28. Qb3 Rae8 29. Ne1 Kg7 30. Nd3 Rxd6 31. cxd6 Qxd6 32. Qxb7+ Re7 33. Qb3
Rc7 34. Qb4 Rd7 35. Qxd6 Rxd6 36. Rc7+ Rd7 37. Rxd7+ Nxd7 38. Kf1 Kf7 39. Ke2
Ke6 40. Kd2 f5 41. f3 Kd6 42. Kc3 fxe4 43. fxe4 Nf6 44. Nf2 Kc5 45. g4 g5 46.
h3 h6 47. a4 a6 1/2-1/2

[Event "SR 3. liga A2 2014/2015"]
[Site "?"]
[Date "2014.11.16"]
[Round "3.6"]
[White "Doucha, Ludvik"]
[Black "Horecky, Peter"]
[Result "0-1"]
[WhiteElo "2006"]
[BlackElo "1985"]
[PlyCount "88"]
[EventDate "2015.??.??"]

1. e4 g6 2. d4 Bg7 3. c4 d6 4. Nc3 Nf6 5. f3 O-O 6. Be3 c5 7. Nge2 Qa5 8. Qd2
Nc6 9. d5 Ne5 10. b3 a6 11. Rc1 b5 12. f4 Ned7 13. Ng3 h5 14. Bd3 Ng4 15. Bg1
Bb7 16. h3 Ngf6 17. Be3 Rae8 18. O-O h4 19. Nge2 b4 20. Nd1 Bh6 21. a4 e6 22.
Nf2 exd5 23. exd5 Bc8 24. Ng4 Nxg4 25. hxg4 Nf6 26. g5 Ng4 27. Bf2 Bg7 28. Bxh4
Re7 29. Kh1 Ne3 30. Rfe1 Rfe8 31. Bf2 Ng4 32. Bg1 Bc3 33. Nxc3 bxc3 34. Rxe7
cxd2 35. Rxe8+ Kg7 36. Rd1 Qc3 37. Be2 Bf5 38. Rf1 Qg3 39. Bxg4 Bxg4 40. Re3
Qh4+ 41. Bh2 d1=Q 42. Rxd1 Bxd1 43. Kg1 Bxb3 44. Bg3 Qg4 0-1